<?xml version="1.0" encoding="UTF-8"?><?xml-stylesheet type="text/xsl" href="static/style.xsl"?><OAI-PMH xmlns="http://www.openarchives.org/OAI/2.0/" xmlns:xsi="http://www.w3.org/2001/XMLSchema-instance" xsi:schemaLocation="http://www.openarchives.org/OAI/2.0/ http://www.openarchives.org/OAI/2.0/OAI-PMH.xsd"><responseDate>2026-04-17T01:27:19Z</responseDate><request verb="GetRecord" identifier="oai:www.recercat.cat:2099.1/22508" metadataPrefix="marc">https://recercat.cat/oai/request</request><GetRecord><record><header><identifier>oai:recercat.cat:2099.1/22508</identifier><datestamp>2025-07-22T20:53:17Z</datestamp><setSpec>com_2072_1033</setSpec><setSpec>col_2072_452951</setSpec></header><metadata><record xmlns="http://www.loc.gov/MARC21/slim" xmlns:dcterms="http://purl.org/dc/terms/" xmlns:xsi="http://www.w3.org/2001/XMLSchema-instance" xmlns:doc="http://www.lyncode.com/xoai" xsi:schemaLocation="http://www.loc.gov/MARC21/slim http://www.loc.gov/standards/marcxml/schema/MARC21slim.xsd">
   <leader>00925njm 22002777a 4500</leader>
   <datafield ind2=" " ind1=" " tag="042">
      <subfield code="a">dc</subfield>
   </datafield>
   <datafield ind2=" " ind1=" " tag="720">
      <subfield code="a">Rius Sol, Marc</subfield>
      <subfield code="e">author</subfield>
   </datafield>
   <datafield ind2=" " ind1=" " tag="260">
      <subfield code="c">2012</subfield>
   </datafield>
   <datafield ind2=" " ind1=" " tag="520">
      <subfield code="a">Ce projet de recherche et développement est une étude des économies d’émissions de gaz à effet serre et financières que l’on peut faire avec le changement de certaines habitudes chez nous, dans notre mode de vie quotidienne.&#xd;
Ce projet de recherche est une contribution au projet appelé « Jumelage Carbone » développé par RONGEAD et CEFREPADE, pour la mise en ligne d’un site web ayant comme objectif principal d’obtenir des financements pour pouvoir financer des projets dans des pays en développement. Ces financements proviendraient d’économies faites en modifiant nos propres habitudes de consommation.&#xd;
L’objectif principal de ce projet est de proposer une méthode correcte de calcul et des données pertinentes pour obtenir un résultat le plus proche possible de la réalité pour certains gestes qui apportent des économies d’énergie. Et ainsi, pouvoir avoir le bilan et les épargnes en euros et gaz à effet serre pour chaque geste proposé dans le site web. On trouve dans les chapitres centraux la recherche des données et formules pertinentes puis les analyses et calculs pour avoir des résultats.&#xd;
Comme conclusion on peut voir qu’avec les gestes et actions proposés au cours du projet, il est possible d’avoir une économie en euros et émissions de GES assez importante à l’échelle individuelle et que le site web devrait être un bon outil pour encourager les gens à faire les gestes proposés et aider au financement de projets.</subfield>
   </datafield>
   <datafield ind2=" " ind1=" " tag="520">
      <subfield code="a">Outgoing</subfield>
   </datafield>
   <datafield tag="653" ind2=" " ind1=" ">
      <subfield code="a">Àrees temàtiques de la UPC::Energies::Gestió de l'energia::Estalvi energètic</subfield>
   </datafield>
   <datafield tag="653" ind2=" " ind1=" ">
      <subfield code="a">Àrees temàtiques de la UPC::Desenvolupament humà i sostenible::Desenvolupament sostenible::Energia i sostenibilitat</subfield>
   </datafield>
   <datafield tag="653" ind2=" " ind1=" ">
      <subfield code="a">Greenhouse gases</subfield>
   </datafield>
   <datafield tag="653" ind2=" " ind1=" ">
      <subfield code="a">Energy conservation</subfield>
   </datafield>
   <datafield tag="653" ind2=" " ind1=" ">
      <subfield code="a">Gasos d’efecte hivernacle</subfield>
   </datafield>
   <datafield tag="653" ind2=" " ind1=" ">
      <subfield code="a">Energia -- Estalvi</subfield>
   </datafield>
   <datafield ind2="0" ind1="0" tag="245">
      <subfield code="a">Détermination des économies d'émissions de gaz à effet de serre et financières liées à des changements d'habitudes de consommation: choix d'une méthode de calcul, recherche des données de base et quantification</subfield>
   </datafield>
</record></metadata></record></GetRecord></OAI-PMH>